| 000 | 00673nam a22001937a 4500 | ||
|---|---|---|---|
| 999 |
_c172874 _d172874 |
||
| 005 | 20200214115930.0 | ||
| 010 | _aA-414648 | ||
| 020 | _c21.00 | ||
| 035 | _aA-414648 | ||
| 037 | _bBPPD/Pub. | ||
| 082 | _a921 | ||
| 100 | _aرشید الدین حان | ||
| 245 |
_aمولانا ابوالکلام آزاد: _bشخصیت ، سیاست پیغام / _cرشید الدین حان |
||
| 246 |
_aMaulana Abul Kalam Azad: Shakhsiat, Siyasat, Paigham / _bby Rasheeduddin Khan |
||
| 260 |
_aNew Delhi _bTaraqqi Urdu Bureau _c1989 ء |
||
| 270 |
_aWest Block 8, R.K. Puram _bNew Delhi _e110066 |
||
| 300 |
_a336p. _c20cm(Hb) |
||
| 942 |
_2ddc _cUR _h921 _mا ب و |
||